000 00611nam a22002177a 4500
003 UA-OsUOA
001 79720
007 ta
008 20111121b un ||||| |||| 00| 0 ukr d
100 _aПахльовська О.
090 _a82
_bП21
942 _cSA
040 _aUA-OsUOA
_bukr
_cUA-OsUOA
_dUA-OsUOA
245 _a"У майбутнього слух абсолютний" Інтерв'ю Ліни Костенко
300 _aС.6-6
955 _a0
041 _aukr
080 _a82
773 0 _w79719
650 7 _a82 Література. Літературознавство
_2UDC
999 _c366043
_d366043